| 000 | 01174nam a2200265Ia 4500 | ||
|---|---|---|---|
| 003 | OSt | ||
| 005 | 20210510125324.0 | ||
| 008 | 210310s1948 mx gr 000 0 spa d | ||
| 040 |
_aCO-JMCR _cCO-JMCR |
||
| 041 | 1 |
_aspa _heng |
|
| 082 | 0 | 4 |
_a330.947 / _bB194h _223 |
| 100 | 1 |
_aBaykov, A., _eautor _926166 |
|
| 245 | 1 | 0 |
_aHistoria de la economía soviética _cA. Baykov ; versión española de Hernán Laborde |
| 250 | _aPrimera edición | ||
| 260 |
_aMéxico : _bFondo de Cultura Económica, _c1948 |
||
| 300 |
_a527 páginas ; _c23 cm. |
||
| 490 | 0 | _aSección obras de economía. | |
| 500 | _aIncluye índice alfabético. | ||
| 501 | _aCon: notas a pie de pagina. | ||
| 505 | _aPeriodo de transición y periodo de Comunismo de guerra. -- Periodo de recuperación y preparación para reconstruir la economía nacional. -- Periodo de industrialización en grande, colectivización de la agricultura y racionamiento. -- Periodo de esfuerzo intensivo para mejorar la economía y el sistema económico de país. | ||
| 650 | 1 | 4 |
_aUnión Soviética _926168 |
| 650 | 1 | 4 |
_aPolítica económica _937513 |
| 700 | 1 |
_aLaborde, Hernán, _etraductor _95524 |
|
| 942 |
_2ddc _cBK |
||
| 999 |
_c11678 _d11678 |
||